4-Letter US Baby Names of 2018 - Boys - Statistics

General Stats
  • This quiz has been taken 4,485 times
  • The average score is 45 of 139
Answer Stats
HE IS % Correct
Jack
88%
John
88%
Paul
82%
Marc
78%
Adam
77%
Mark
77%
Luke
75%
Liam
73%
Will
70%
Noah
68%
Alan
66%
Alex
66%
Ryan
64%
Jake
63%
Eric
61%
Erik
61%
Sean
61%
Kyle
60%
Dean
59%
Evan
59%
Carl
58%
Owen
58%
Ivan
53%
Leon
53%
Luca
52%
Andy
51%
Cole
51%
Kole
51%
Abel
50%
Chad
48%
Gary
48%
Joel
48%
Jose
48%
Jude
46%
Theo
45%
Tony
45%
Cain
44%
Kane
44%
Zain
44%
Zane
44%
Zayn
44%
Finn
43%
Juan
43%
Neil
41%
Cody
39%
Hank
39%
Joey
39%
Kody
39%
Noel
39%
Seth
39%
Drew
38%
Alec
37%
Aron
36%
Cory
36%
Dane
36%
Cade
35%
Hugh
35%
Jace
35%
Jase
35%
Kade
35%
Levi
35%
Trey
35%
Troy
35%
Adan
34%
Aden
34%
Milo
34%
Axel
32%
Hugo
31%
Saul
31%
Toby
30%
Grey
28%
Luis
27%
Arlo
26%
Colt
26%
Ezra
25%
Omar
25%
Case
24%
Kase
24%
Lane
24%
Nico
24%
Niko
24%
Wade
24%
Kash
23%
Rory
23%
Zion
22%
Beau
21%
Clay
21%
Kian
21%
Otto
21%
Reed
21%
Reid
21%
Zeke
21%
Amos
20%
Eden
20%
Lyle
20%
Amir
19%
Jett
18%
Gael
17%
Luka
17%
Otis
17%
Rhys
17%
Duke
16%
King
16%
Kyng
16%
Mack
16%
Odin
16%
Raul
16%
Tate
16%
Gage
14%
Kobe
14%
Nash
14%
Rudy
13%
Enzo
12%
Ford
11%
Remy
11%
Sage
11%
Aldo
10%
Cruz
9%
Dash
9%
Elon
9%
Crew
8%
Iker
8%
Jaxx
8%
Krew
8%
Coen
7%
Knox
7%
Kylo
7%
Onyx
6%
Bode
5%
Lian
5%
Rene
5%
Zaid
5%
Zayd
5%
Ares
4%
Kace
4%
Koda
4%
Nova
4%
Yael
4%
Musa
1%
No matching quizzes found
Score Distribution
Percent of People with Each Score
Percentile by Number Answered
Your Score History
You have not taken this quiz